Drake Albums - Sudden Death - Statistics

General Stats
  • This quiz has been taken 495 times
  • The average score is 14 of 16
Answers on the Grid
Answers color-coded by a green-red scale on the quiz's grid according to % correct below.
$ome $exy $ongs 4 U
Honestly, Nevermind
Care Package
WE DON'T TRUST YOU
Certified Lover Boy
What A Time To Be Alive
I Told You
Scorpion
Take Care
2014 Forest Hills Drive
If You're Reading This It's Too Late
Rodeo
Thank Me Later
Her Loss
T R A P S O U L
Views
For All The Dogs
Dark Lane Demo Tapes
Drip Harder
Nothing Was The Same
Born Sinner
So Far Gone
Wasteland
More Life
 
Answer Stats
Answer % Correct
Certified Lover Boy
95%
$ome $exy $ongs 4 U
95%
Take Care
94%
Honestly, Nevermind
93%
For All The Dogs
92%
Views
91%
If You're Reading This It's Too Late
90%
Scorpion
90%
Her Loss
88%
More Life
85%
Thank Me Later
84%
Care Package
82%
Dark Lane Demo Tapes
79%
Nothing Was The Same
79%
So Far Gone
77%
What A Time To Be Alive
72%
No matching quizzes found
Score Distribution
Percent of People with Each Score
Percentile by Number Answered
Your Score History
You have not taken this quiz